Euskadi 7: Políticos / Politikariak - Estadísticas

Estadísticas generales
  • Esta prueba ha sido intentada 76 veces
  • La puntuación promedio es 28 de 60
Estadísticas de respuestas
Pregunta Azulejo Select % Correcto
Lehendakari Maialen Lujanbio No
100%
Lehendakari Arantxa Tapia No
98%
Lehendakari Idoia Mendia No
98%
Lehendakari Idoia Zenarruzabeitia No
97%
Lehendakari Imanol Pradales
95%
Lehendakari Iñigo Urkullu
95%
Lehendakari Antonio Basagoiti No
92%
Lehendakari Arnaldo Otegi No
92%
Lehendakari Iñaki Azkuna No
89%
Lehendakari Patxi López
83%
Lehendakari Juan José Ibarretxe
81%
Lehendakari Xabier Arzalluz No
78%
Lehendakari Carlos Garaikoetxea
69%
Lehendakari José Antonio Ardanza
63%
Diputados Generales de Gipuzkoa / Gipuzkoako Ahaldun Nagusiak Regina Otaola No
61%
Diputados Generales de Bizkaia / Bizkaiko Ahaldun Nagusiak Josu Andoni Begoña No
59%
Diputados Generales de Bizkaia / Bizkaiko Ahaldun Nagusiak Koldo Mediavilla No
59%
Diputados Generales de Bizkaia / Bizkaiko Ahaldun Nagusiak Xabier Arzalluz No
59%
Diputados Generales de Gipuzkoa / Gipuzkoako Ahaldun Nagusiak Xabier Lete No
59%
Diputados Generales de Bizkaia / Bizkaiko Ahaldun Nagusiak Ana Otadui No
58%
Diputados Generales de Bizkaia / Bizkaiko Ahaldun Nagusiak Begoña Gil No
56%
Diputados Generales de Gipuzkoa / Gipuzkoako Ahaldun Nagusiak Joseba Egibar No
56%
Diputados Generales de Gipuzkoa / Gipuzkoako Ahaldun Nagusiak Odón Elorza No
53%
Diputados Generales de Gipuzkoa / Gipuzkoako Ahaldun Nagusiak Carlos Garaikoetxea No
52%
Diputados Generales de Bizkaia / Bizkaiko Ahaldun Nagusiak Jesús Lekerikabeaskoa No
50%
Diputados Generales de Bizkaia / Bizkaiko Ahaldun Nagusiak Oskar Matute No
50%
Diputados Generales de Álava / Arabako Ahaldun Nagusiak Antonio Basagoiti No
48%
Diputados Generales de Bizkaia / Bizkaiko Ahaldun Nagusiak Ibone Bengoetxea No
48%
Diputados Generales de Álava / Arabako Ahaldun Nagusiak Gorka Urtaran No
47%
Diputados Generales de Álava / Arabako Ahaldun Nagusiak José Ángel Cuerda No
47%
Diputados Generales de Gipuzkoa / Gipuzkoako Ahaldun Nagusiak Maddalen Iriarte No
47%
Diputados Generales de Álava / Arabako Ahaldun Nagusiak Nerea Llanos No
47%
Diputados Generales de Álava / Arabako Ahaldun Nagusiak Javier Maroto No
45%
Diputados Generales de Bizkaia / Bizkaiko Ahaldun Nagusiak Josu Jon Imaz No
45%
Diputados Generales de Álava / Arabako Ahaldun Nagusiak Alfonso Alonso No
42%
Diputados Generales de Bizkaia / Bizkaiko Ahaldun Nagusiak José Luis Bilbao
42%
Diputados Generales de Gipuzkoa / Gipuzkoako Ahaldun Nagusiak Eider Mendoza
39%
Diputados Generales de Gipuzkoa / Gipuzkoako Ahaldun Nagusiak Markel Olano
39%
Diputados Generales de Álava / Arabako Ahaldun Nagusiak Javier de Andrés
34%
Diputados Generales de Bizkaia / Bizkaiko Ahaldun Nagusiak Unai Rementería
30%
Diputados Generales de Álava / Arabako Ahaldun Nagusiak Ramiro González
28%
Diputados Generales de Bizkaia / Bizkaiko Ahaldun Nagusiak Elixabete Etxanobe
23%
Diputados Generales de Bizkaia / Bizkaiko Ahaldun Nagusiak Josu Bergara
23%
Diputados Generales de Gipuzkoa / Gipuzkoako Ahaldun Nagusiak José Antonio Ardanza
20%
Diputados Generales de Gipuzkoa / Gipuzkoako Ahaldun Nagusiak Martin Garitano
20%
Diputados Generales de Álava / Arabako Ahaldun Nagusiak Emilio Guevara
19%
Diputados Generales de Bizkaia / Bizkaiko Ahaldun Nagusiak José Alberto Pradera
19%
Diputados Generales de Bizkaia / Bizkaiko Ahaldun Nagusiak José María Makua
17%
Diputados Generales de Gipuzkoa / Gipuzkoako Ahaldun Nagusiak Román Sudupe
17%
Diputados Generales de Álava / Arabako Ahaldun Nagusiak Xabier Agirre
17%
Diputados Generales de Álava / Arabako Ahaldun Nagusiak Félix Ormazabal
16%
Diputados Generales de Álava / Arabako Ahaldun Nagusiak Fernando Buesa
13%
Diputados Generales de Gipuzkoa / Gipuzkoako Ahaldun Nagusiak Joxe Joan González de Txabarri
13%
Diputados Generales de Gipuzkoa / Gipuzkoako Ahaldun Nagusiak Xabier Aizarna
13%
Diputados Generales de Gipuzkoa / Gipuzkoako Ahaldun Nagusiak Elías Galdós
11%
Diputados Generales de Álava / Arabako Ahaldun Nagusiak Juan María Ollora
11%
Diputados Generales de Álava / Arabako Ahaldun Nagusiak Ramón Rabanera
9%
Lehendakari Ramón Rubial
8%
Diputados Generales de Gipuzkoa / Gipuzkoako Ahaldun Nagusiak Imanol Murua
6%
Diputados Generales de Álava / Arabako Ahaldun Nagusiak Alberto Ansola
2%
No se encontraron pruebas coincidentes
Distribución de puntuación
Porcentaje de gente con cada puntuación
Porcentaje por número respondido
Historial de tus puntuaciones
No has intentado esta prueba.